00326nam a2200121Ia 4500008004100000024001500041082001800056100001700074245002900091260002500120600002100145650003800166250506s9999 xx 000 0 und d a11B-015-BS a005.12072 HAM aHamdan Habib 0aOnline Pharmacy Services aKarachi:bUIT,c2011 aComputer Science aBachelor of Computer Science (BS)